Real Madrid Kader 25/26 - Statistiken

Allgemein
  • Dieses Quiz wurde 519 mal gespielt
  • Das Durchschnittsergebnis liegt bei 18 aus 25
Antwortstatistiken
Rückennummer Position Spieler % Korrekt
10 ST Kylian Mbappé
97%
7 LF Vinicius Junior
96%
1 TW Thibaut Courtois
92%
5 ZOM Jude Bellingham
90%
22 IV Antonio Rüdiger
89%
11 RF Rodrygo
88%
8 ZM Federico Valverde
84%
2 RV Daniel Carvajal
83%
6 ZM Eduardo Camavinga
83%
4 IV David Alaba
81%
13 TW Andriy Lunin
79%
14 ZDM Aurélien Tchouaméni
79%
15 ZOM Arda Güler
77%
3 IV Éder Militão
76%
12 RV Trent Alexander-Arnold
72%
20 LV Fran García
65%
16 ST Gonzalo García
65%
24 IV Dean Huijsen
63%
23 LV Ferland Mendy
62%
9 ST Endrick
61%
21 RF Brahim Díaz
53%
17 IV Raúl Asencio
52%
18 LV Álvaro Carreras
51%
19 ZM Dani Ceballos
45%
30 RF Franco Mastantuono
43%
Keine übereinstimmenden Quizze gefunden
Verteilung der Resultate
Anzahl Personen mit jedem Resultat
Perzentil nach korrekt beantworteten Fragen
Ihre Resultats-Entwicklung
Sie haben dieses Quiz noch nicht gespielt